[Event "IOM Open-Masters 2017"]
[Site "Douglas"]
[Date "2017.09.27"]
[Round "5"]
[White "Harari, Zaki"]
[Black "Cornette, Deimante"]
[Result "0-1"]
[WhiteElo "2027"]
[BlackElo "2404"]
[Annotator "TA"]
[PlyCount "82"]
[EventDate "2017.??.??"]
[EventType "swiss"]
[EventCountry "GBR"]
[SourceTitle "playchess.com"]
[Source "ChessBase"]
[SourceQuality "1"]

{[%evp 12,82,31,32,31,39,31,10,20,17,66,47,75,27,16,-24,46,46,39,46,49,33,72,30,60,39,47,5,4,-8,-6,-58,-27,-48,-41,-63,-35,-34,37,8,5,0,0,0,-6,-14,-18,-17,2,0,7,-119,-115,-360,-334,-480,-461,-413,-248,-248,-248,-248,-248,-241,-247,-252,-252,-252,-248,-246,-247,-245,-245]} 1. e4 {[%cal Be2e4,Be4e5][%mdl 32]} d6 {[%cal Bd7d6,Bd6d5][%mdl 32]} 2. d4 Nf6 3. f3 d5 4. e5 Nfd7 5. f4 c5 6. Nf3 {B07: Pirc Defence: Miscellaneous Systems} (6. c3 Nc6 7. Nf3 cxd4 8. cxd4 Nb6 9. Nc3 Bg4 10. Be3 e6 11. h3 Bxf3 12. Qxf3 Bb4 13. Bb5 O-O {½-½ (27) Mchedlishvili,M (2590)-Narciso Dublan,M (2467) Linares 2017}) 6... Nc6 7. c4 {LiveBook: 3 Games} cxd4 8. cxd5 {White is slightly better.} Qa5+ 9. Nbd2 Qxd5 10. Bc4 Qa5 11. O-O $146 {[%mdl 1024] White has compensation.} ({Predecessor:} 11. Bxf7+ Kxf7 12. e6+ Kxe6 13. Ng5+ Kd6 {0-1 (53) Geenen,M (2295)-Moulin,P (2325) Anderlecht 1987}) 11... e6 12. Ng5 (12. Nb3 $5 {[%cal Rb3a5]} Qb4 13. Qe2 $14) 12... h6 13. Nge4 ({Don't play} 13. Nxe6 fxe6 14. Bxe6 Kd8 $17) 13... Nc5 (13... b5 $11 14. Bd3 Nb4) 14. a3 $14 {Black must now prevent b4.} Nxe4 15. Nxe4 Bd7 16. b4 Qc7 17. Qe2 Rc8 18. Bb3 Qb6 19. Kh1 {[#]} Na5 $1 {[%mdl 512]} 20. Bc2 (20. bxa5 Qxb3) 20... Qc7 (20... Bb5 $5 21. Bd3 $8 Bxd3 22. Qxd3 Nc4 $11) 21. Ra2 (21. Rf2 $11 Nc4 22. Qd3) 21... Qc4 $1 $15 {[%cal Rc4e2]} 22. Bd3 Qxc1 $1 23. bxa5 Qc7 24. a6 b6 (24... bxa6 $15 25. Bxa6 Rb8) 25. Rc2 Qd8 $36 {[%mdl 2048] Black is more active.} 26. Rxc8 Qxc8 27. f5 exf5 28. Nd6+ Bxd6 $1 29. exd6+ Kf8 30. Qe7+ Kg8 {[#]} 31. Re1 {[#]} (31. g4 $1 $11 {[%mdl 512] keeps the balance.}) 31... Kh7 $1 $17 32. g4 $2 (32. Kg1 $17 {keeps fighting.}) 32... Qc3 $1 $19 {[%csl LRa3,LRd3]} 33. Bxf5+ (33. Kg1 $142 Be6 34. Rd1) 33... Bxf5 34. gxf5 {[%mdl 4096] Endgame KQR-KQR} Qf3+ 35. Kg1 {[#]} Qg4+ $1 ({Not} 35... Qxa3 $2 36. Qxf7 Rg8 37. d7 $18) ({Worse is} 35... Qxf5 36. d7 $11) 36. Kh1 Qxf5 37. d7 Qd5+ 38. Kg1 d3 39. Qe4+ Qxe4 40. Rxe4 {aiming for Re8.} Rd8 41. Rd4 Kg6 {Precision: White = 49%, Black = 55%.} 0-1

[Event "IOM Open-Masters 2017"]
[Site "Douglas"]
[Date "2017.09.27"]
[Round "5"]
[White "Jonsson, Gauti Pall"]
[Black "Player, Edmund C"]
[Result "1/2-1/2"]
[WhiteElo "2011"]
[BlackElo "2202"]
[Annotator "TA"]
[PlyCount "101"]
[EventDate "2017.??.??"]
[EventType "swiss"]
[EventCountry "GBR"]
[SourceTitle "playchess.com"]
[Source "ChessBase"]
[SourceQuality "1"]

{[%evp 13,101,11,11,17,30,0,0,0,0,0,0,0,0,-8,0,-7,-18,-214,-153,-260,-267,-256,0,0,0,0,0,0,0,0,0,0,26,0,0,0,0,0,0,0,0,0,0,0,0,0,0,0,0,0,9,9,13,0,0,0,0,0,0,0,101,139,186,204,241,205,236,269,255,244,291,355,329,262,251,116,68,0,58,0,0,0,0,0,0,0,0,0,0,0]} 1. e4 e6 2. d4 d5 3. Nd2 c5 4. exd5 Qxd5 5. dxc5 Nf6 (5... Bxc5 6. Ngf3 Nf6 7. Bc4 Qc6 8. O-O Nbd7 9. Qe2 a6 10. a4 b6 11. Nb3 Bb7 12. Nxc5 Nxc5 13. b4 Ncd7 14. Rd1 O-O 15. b5 {½-½ (31) Zherebukh,Y (2605)-So,W (2822) Saint Louis 2017}) 6. Ngf3 {C07: French Tarrasch: 3...c5, 4 Ngf3 and 4 exd5 Qxd5} Qxc5 7. Bd3 Qc7 {LiveBook: 3 Games} 8. O-O Be7 9. c4 b6 10. b3 Bb7 11. Bb2 Nbd7 12. Qe2 $146 Qf4 13. Ne5 Rd8 14. g3 Qh6 15. Rad1 $2 (15. Nxd7 $11 Rxd7 16. Bxf6 Bxf6 17. Rad1) 15... Qh3 $19 {[%csl Gb7][%cal Rh3g2]} 16. f3 (16. Be4 $17 Nxe4 17. Nxe4 Nxe5 18. Rxd8+ Kxd8 19. Bxe5) 16... Nxe5 $1 17. Bxe5 {[#]} Bc5+ $2 (17... Ng4 $1 $19 {[%mdl 512]} 18. Bb1 (18. Bxg7 $2 Rxd3 19. Bxh8 Bg5 $19) (18. fxg4 Bc5+) 18... O-O) 18. Kh1 $11 Ng4 {White must now prevent ...Rxd3!} 19. Be4 $1 Bxe4 20. Nxe4 Rxd1 21. Rxd1 Nxe5 22. Nxc5 Qf5 23. f4 {Threatens to win with Nb7.} (23. Nb7 {is interesting.} O-O 24. Kg2 Qf6 25. Rd2 Nc6 26. Qe4) 23... Qg4 24. Qxg4 Nxg4 {[%mdl 4096] Endgame KRN-KRN} 25. Ne4 Ke7 26. h3 Ne3 27. Rd3 Nc2 28. Nc3 Rd8 29. Rxd8 Kxd8 {KN-KN} 30. Kg2 Kd7 31. Kf3 Kc6 32. Ke4 Kc5 33. Nb5 a6 34. Nc7 a5 35. Ne8 g6 36. Nf6 h5 (36... Nb4 $1 $11 {keeps the balance.}) 37. Nd7+ $16 Kc6 38. Ne5+ Kc5 39. Nxf7 Nb4 40. Nd8 $1 Nxa2 41. Nxe6+ Kb4 {[#]} 42. g4 $1 {[%cal Rg4h5]} Nc3+ 43. Kd3 hxg4 44. hxg4 Nd1 45. f5 (45. g5 $14 Kxb3 {[#]} 46. f5 $1 {[%mdl 512]} gxf5 47. c5 (47. g6 Nf2+ 48. Kd4 Ng4 $11) 47... bxc5 48. Nxc5+ Kb4 49. Kd4 (49. g6 Nf2+ 50. Kd4 Ng4 $11)) 45... Nf2+ ({Black should try} 45... gxf5 $11 46. gxf5 Nf2+ 47. Kd4 Ng4) 46. Kd4 (46. Kc2 $14 gxf5 47. g5 (47. gxf5 Ne4 $16)) 46... Nxg4 $11 {The position is equal.} 47. fxg6 {And now c5 would win.} Kxb3 48. g7 Nh6 49. Kd5 a4 50. c5 bxc5 51. Nxc5+ {Precision: White = 63%, Black = 79%.} 1/2-1/2

[Event "IOM Open-Masters 2017"]
[Site "Douglas"]
[Date "2017.09.27"]
[Round "5"]
[White "Nahnsen, Kenneth"]
[Black "Prueske, Wolfgang"]
[Result "1/2-1/2"]
[WhiteElo "2011"]
[BlackElo "2046"]
[Annotator "NA RC"]
[PlyCount "66"]
[EventDate "2017.??.??"]
[EventType "swiss"]
[EventCountry "GBR"]
[SourceTitle "playchess.com"]
[Source "ChessBase"]
[SourceQuality "1"]
[TimeControl "40/6000+30:20/3000+30:900+30"]

1. e4 c6 2. d4 d5 3. exd5 cxd5 4. c4 Nf6 5. Nc3 g6 6. Qb3 Bg7 7. cxd5 O-O 8. Nge2 Na6 9. g3 Qb6 10. Bg2 Qxb3 11. axb3 Nb4 12. O-O Rd8 13. Ra5 Ne8 14. Bg5 f6 15. Bd2 Nd6 16. Ne4 Na6 17. Nxd6 exd6 18. Rfa1 Bg4 19. Nf4 Bh6 20. Be3 Bxf4 21. Bxf4 g5 22. Bd2 Rac8 23. Be4 Rc7 24. Rxa6 Re7 25. Rxd6 Rxd6 26. Bb4 Rxe4 27. Bxd6 Rxd4 28. Bc5 Rxd5 29. Bxa7 Rd1+ 30. Rxd1 Bxd1 31. Bd4 Kf7 32. b4 Ke6 33. Kg2 g4 1/2-1/2

[Event "IOM Open-Masters 2017"]
[Site "Douglas"]
[Date "2017.09.27"]
[Round "5"]
[White "Frank, Tena"]
[Black "Osmanodja, Filiz"]
[Result "0-1"]
[WhiteElo "2002"]
[BlackElo "2245"]
[Annotator "TA"]
[PlyCount "120"]
[EventDate "2017.??.??"]
[EventType "swiss"]
[EventCountry "GBR"]
[SourceTitle "playchess.com"]
[Source "ChessBase"]
[SourceQuality "1"]

{[%evp 21,120,9,14,-7,28,-59,-58,-62,-40,-49,-46,-63,-58,-64,-59,-59,-56,-55,-5,-1,-7,-5,0,14,16,6,4,0,0,0,0,0,0,0,0,0,26,35,38,19,19,19,35,27,43,27,44,39,42,37,50,45,39,39,26,0,10,0,10,0,0,-4,0,0,0,0,0,-10,-6,-38,-4,-151,-129,-130,-131,-122,-153,-153,-153,-108,-137,-149,-113,-202,-118,-95,-76,-47,-29,-442,-442,-442,-435,-379,-415,-29983,-29984,-29984,-29985,-29987,-29988]} 1. d4 Nf6 2. c4 e6 3. Nc3 Bb4 4. e3 O-O 5. Nge2 d5 6. a3 Be7 7. cxd5 exd5 8. Nf4 Re8 {E46: Nimzoindisch (Rubinstein-System)} 9. Bd3 Bd6 10. O-O Bxf4 11. exf4 Nc6 {LiveBook: 23 Partien} 12. Be2 $146 ({Vorgänger:} 12. Be3 Ne7 13. Qc2 g6 14. f3 h5 15. Qd2 Bf5 16. Be2 {½-½ (47) So,W (2770)-Karjakin,S (2773) Bilbao 2016}) 12... Bf5 13. g4 {[#]} (13. Be3 $11) 13... Rxe2 $1 $15 {[%mdl 512]} 14. Nxe2 Nxg4 {( -> ...Dh4)} 15. f3 Nh6 {[%mdl 1024] Schwarz hat Kompensation.} 16. Be3 Bh3 17. Re1 Nf5 18. Bf2 Qf6 {Und ...Dg6+ würde nun gewinnen.} 19. Kh1 $1 Nh4 20. Bxh4 Qxh4 21. Rg1 Qf2 22. Rg3 Re8 23. Nc3 Be6 $132 {[%mdl 2048] Schwarz is not keeping still} 24. Qe2 Qxe2 25. Nxe2 Ne7 26. Rc1 c6 27. Rgg1 Nf5 28. Kg2 Ne3+ 29. Kf2 Nc4 30. Rc3 Bc8 31. b4 g6 32. Ng3 Kf8 33. h4 Nd6 34. h5 Kg7 35. a4 Kf6 36. hxg6 fxg6 37. Rh1 h5 38. Rb3 a6 39. Rbb1 Rh8 40. Rh4 Bf5 41. Rb2 a5 42. bxa5 Ra8 43. Rh1 Rxa5 44. Ra1 Bd3 45. Rb4 (45. Rb3 $5 {[%cal Rb3d3]} Bc4 46. Rbb1 $15) 45... Bc4 {Schwarz will ...b5 spielen.} 46. Rh1 {[#]} (46. Nf1 $11) 46... b5 $1 $17 47. f5 Nxf5 ({Viel schlechter ist} 47... Rxa4 $6 48. Rxa4 bxa4 49. fxg6 $11) 48. Nxf5 Kxf5 49. axb5 {[%mdl 4096] Endspiel KTT-KTL} Ra2+ ({Finger weg von} 49... Rxb5 50. Rbb1 $15) ({Keinesfalls} 49... Bxb5 50. Kg3 $15) 50. Kg3 {Droht b6 und aus.} cxb5 51. Rh4 Kg5 52. Rb1 Bd3 ({Günstiger ist} 52... Rd2 $19 53. Rbh1 b4) 53. Rb3 Bf1 {zielt auf ...Tg2+ ab.} 54. f4+ Kf5 55. Kf3 $2 {[%mdl 8192]} (55. Rh1 $11 Bc4 56. Re3) 55... g5 $19 56. fxg5 Kxg5 57. Rf4 {[#]} Rh2 $1 {[%cal Rh2h3] Und weiter mit ...Th3+ wäre nett.} 58. Rb1 (58. Ke3 $19 Be2 59. Rb4 Rh3+ 60. Kxe2 Kxf4 61. Rxb5) 58... Rh3+ {Schwarz setzt Matt.} 59. Kf2 Kxf4 60. Rxf1 Rf3+ {Precision: Weiß = 49%, Schwarz = 65%.} 0-1

[Event "IOM Open-Masters 2017"]
[Site "Douglas"]
[Date "2017.09.27"]
[Round "5"]
[White "Hopson, Kevin Mike"]
[Black "Seyfried, Claus"]
[Result "1/2-1/2"]
[WhiteElo "1929"]
[BlackElo "2173"]
[Annotator "TA"]
[PlyCount "71"]
[EventDate "2017.??.??"]
[EventType "swiss"]
[EventCountry "GBR"]
[SourceTitle "playchess.com"]
[Source "ChessBase"]
[SourceQuality "1"]

{[%evp 9,71,-3,6,-8,15,0,28,-9,-3,-31,-32,-39,-18,-47,-29,-114,-92,-171,-48,-41,8,0,0,0,0,0,0,-41,25,21,30,18,94,36,88,79,97,89,97,83,77,83,99,81,76,42,108,95,102,94,94,99,76,11,13,13,12,8,8,8,8,8,22,20]} 1. e4 e6 2. d3 d5 3. Nd2 c5 4. g3 Nc6 5. Bg2 Rb8 (5... Nge7 6. Ngf3 g6 7. O-O Bg7 8. c3 b6 9. Re1 Ba6 10. exd5 exd5 11. Qa4 Bb7 12. d4 c4 13. Nxc4 dxc4 14. d5 Qxd5 15. Nd4 Qxg2+ 16. Kxg2 O-O 17. f3 Nxd4 18. cxd4 {0-1 (34) Bortnyk,O (2581)-Korobov,A (2692) Doha 2016}) 6. f4 $146 {C00: Französische Verteidigung (Seltene Züge)} ({Vorgänger:} 6. Ngf3 Bd6 7. O-O Nge7 8. b3 O-O 9. Bb2 b5 10. a4 a6 11. axb5 axb5 12. d4 Nxd4 13. Nxd4 cxd4 14. Bxd4 {½-½ (32) Horstmann,O (2212)-Gikas,A (2228) Niederkassel 2005}) 6... dxe4 7. Nxe4 Nf6 8. Ne2 {Weiß hat minimalen Vorteil.} Be7 9. Bd2 O-O 10. O-O Qb6 11. Kh1 Bd7 12. N2c3 (12. Rb1 $11 {hält das Gleichgewicht.}) 12... Qxb2 13. Na4 {[#]} (13. Rb1 $17 {ist eine bessere Verteidigung.} Qa3 14. Nb5) 13... Qd4 {[#]} (13... Qa3 $1 $19 {[%cal Ra3a4]} 14. Nac3 Nxe4 15. Nxe4 Nd4) 14. Naxc5 $1 $15 {[%mdl 512]} Bc8 (14... Bxc5 15. Bc3 $16) 15. Bc3 Qd8 16. Nxf6+ Bxf6 17. Bxf6 Qxf6 18. Rb1 {Lxc6 ist eine echte Drohung.} (18. Bxc6 $5 bxc6 19. d4 $11) 18... e5 (18... Qe7 $15 19. d4 Qc7) 19. Qh5 Qe7 20. Ne4 Bd7 (20... h6 $11) 21. fxe5 (21. Rbe1 $16) 21... Nxe5 (21... Qxe5 $14 22. Qxe5 (22. Ng5 h6 $17) 22... Nxe5) 22. d4 $36 {[%mdl 2048] Schwarz muss aufpassen.} Ng4 {[#]} 23. Rbe1 $1 g6 24. Ng5 {[%csl Gg5][%cal Rh5h7]} gxh5 25. Rxe7 Bb5 26. Rfxf7 Rxf7 27. Rxf7 {Und weiter mit Tc7 wäre nett.} Re8 (27... h6 $14) 28. Bd5 (28. Bxb7 $2 Re1+ 29. Kg2 h6 $19) 28... Bc6 29. Bxc6 bxc6 30. Rxa7 {[%mdl 4096] Endspiel KTS-KTS} Re2 31. Rxh7 ({Günstiger ist} 31. h3 $16 Ne3 32. Ne4 (32. Rxh7 Re1+ 33. Kh2 Re2+ 34. Kg1 Rg2+ 35. Kh1 Rxg3 $16) (32. Nxh7 Rf2 $11)) 31... Rxh2+ $11 {Die Stellung ist ausgeglichen.} 32. Kg1 Rxc2 33. Rxh5 {Mit der Idee Se4.} Rxa2 34. Nf3 Ne3 35. Nh4 Rd2 36. Rc5 {Precision: Weiß = 34%, Schwarz = 37%.} 1/2-1/2

[Event "IOM Open-Masters 2017"]
[Site "Douglas"]
[Date "2017.09.27"]
[Round "5"]
[White "Vignesh B"]
[Black "Wallace, John Paul"]
[Result "1-0"]
[WhiteElo "1712"]
[BlackElo "2413"]
[Annotator "TA"]
[PlyCount "127"]
[EventDate "2017.??.??"]
[EventType "swiss"]
[EventCountry "GBR"]
[SourceTitle "playchess.com"]
[Source "ChessBase"]
[SourceQuality "1"]

{[%evp 15,127,16,24,0,69,51,72,29,104,96,140,135,183,175,158,92,95,95,100,94,74,39,39,-39,-38,-16,13,-13,0,-1,50,49,53,34,52,45,38,40,47,47,53,48,110,0,9,7,7,7,9,-11,-9,-11,-11,-11,-11,-12,-14,-14,0,0,402,0,402,381,398,390,388,381,907,452,420,456,441,442,429,414,580,579,579,579,549,567,560,499,572,579,594,543,579,579,585,579,602,632,642,613,617,605,642,501,626,642,642,601,587,579,1247,1253,1272,724,29971,29972,6325,6262]} 1. e4 c5 2. Nf3 d6 3. Bb5+ Nd7 4. d4 cxd4 5. Qxd4 a6 6. Bxd7+ Bxd7 7. O-O Rc8 {B51: Sicilian: Moscow Variation (3 Bb5+) without 3...Bd7} (7... e5 8. Qd3 Rc8 9. c4 b5 10. b3 h6 11. Nc3 bxc4 12. bxc4 Nf6 13. Be3 Be7 14. Rab1 O-O 15. h3 Qc7 16. Nd2 {½-½ (43) Anand,V (2786)-Giri,A (2771) Stavanger 2017}) 8. Nc3 e6 {LiveBook: 4 Games} 9. Bg5 Qa5 ({Better is} 9... Qc7 $11) 10. Rad1 (10. Rfd1 {seems wilder.} Qc5 11. Qd2 Bc6 12. Nd4 Nf6 13. Nb3) 10... f6 $146 ({Predecessor:} 10... Qc5 11. Qd2 b5 12. a3 a5 13. Rfe1 b4 14. axb4 axb4 15. Nd5 {1-0 (33) Rosicki,M (1776)-Witczak,J (1828) Szczyrk 2014}) 11. Be3 Be7 (11... Ne7 $11 {remains equal.}) 12. Rfe1 $16 h5 13. Qd3 Rd8 14. Nh4 Kf7 15. b4 (15. f4 $142 $1) 15... Qc7 16. e5 $1 fxe5 17. Ng6 Nf6 18. Nxh8+ Rxh8 19. Ne4 (19. f4 $14) 19... Nxe4 $15 20. Qxe4 Bc6 21. Qc4 d5 22. Qb3 b5 ({Black should play} 22... d4 $11) 23. Bc5 $14 {Threatens to win with Bxe7.} Bf6 24. Qh3 g5 25. Qg3 h4 26. Qg4 h3 27. Qg3 {Hoping for Bd4!} Qb8 $1 28. Rd3 hxg2 {[#]} (28... d4 $14) 29. Qxg2 (29. Rc3 $1 $16) 29... e4 30. Rh3 Rxh3 31. Qxh3 {White wants to play Qh7+.} Qh8 $132 {[%mdl 2048] Black is fighting back} 32. Qg3 Be5 33. Qxg5 {Qe7+ is the strong threat.} Qxh2+ 34. Kf1 Qh1+ 35. Ke2 Qf3+ 36. Kf1 Bf6 37. Qh6 {Black must now prevent Re3.} Qf5 $2 {[%mdl 8192]} (37... Bg7 $11 {and Black is okay.} 38. Qh4 (38. Qh7 e5 $11) 38... d4) 38. Qf8+ $18 Kg6 {[#]} 39. Re3 $1 {[%cal Re3g3]} Qh5 {intending ...d4.} 40. Rg3+ Kf5 41. Be7 {[%csl Ge7][%cal Rf8f6]} Qh4 $2 (41... Qh1+ 42. Ke2 Qh5+ 43. Kd2 Qh4) 42. Qf7 (42. Bxf6 $142 {White threatens Bh8+ and mate.} Qxf6 43. Qc8) 42... Be8 43. Qxf6+ ({Weaker is} 43. Qxe8 Bxe7 44. Kg2 Bg5 $16) 43... Qxf6 44. Bxf6 Kxf6 {[%mdl 4096] Endgame KR-KB} 45. Ra3 d4 (45... Ke5 $142 46. c3 (46. Rxa6 d4 $18) 46... Bc6 47. Rxa6 Bd7) 46. Ke2 Ke5 47. Rxa6 Kd5 48. Ra8 Bc6 49. Rc8 e5 50. Kd2 Kd6 51. Rb8 Kc7 52. Rh8 Kd6 53. c3 Kd5 54. Rc8 Kd6 55. Rd8+ Kc7 56. Rg8 Kd6 57. Rg5 Bd7 58. cxd4 exd4 59. Rc5 Bc6 60. a3 Kd7 {[#]} 61. f3 $1 exf3 62. Kd3 f2 63. Rf5 Bd5 64. Rxf2 {Precision: White = 69%, Black = 36%.} 1-0

[Event "IOM Open-Masters 2017"]
[Site "Douglas"]
[Date "2017.09.28"]
[Round "6"]
[White "Kramnik, Vladimir"]
[Black "Kavutskiy, Konstantin"]
[Result "1-0"]
[WhiteElo "2803"]
[BlackElo "2390"]
[Annotator "TA"]
[PlyCount "91"]
[EventDate "2017.??.??"]
[EventType "swiss"]
[EventCountry "GBR"]
[SourceTitle "playchess.com"]
[Source "ChessBase"]
[SourceQuality "1"]

{[%evp 17,91,35,81,47,50,43,48,46,56,56,65,5,2,0,3,3,3,6,8,0,75,75,73,57,69,58,57,70,64,44,53,56,137,131,150,141,137,137,137,137,164,163,159,154,156,154,184,184,228,228,222,219,272,275,262,240,200,187,285,278,244,185,731,730,692,690,817,817,1793,1275,2287,2035,5595,5595,29971,29972]} 1. Nf3 Nf6 2. g3 g6 3. b3 Bg7 4. Bb2 d6 5. d4 O-O 6. Bg2 c5 7. c4 Ne4 8. O-O Nc6 9. e3 e5 {LiveBook: 3 Games. E60: King's Indian: Unusual lines and Fianchetto Variation without Nc3} 10. Ne1 $146 {Black must now prevent d5.} ({Predecessor:} 10. dxe5 dxe5 11. Nfd2 Nf6 12. Ne4 Nxe4 13. Bxe4 Bh3 14. Re1 f5 15. Qd5+ Kh8 16. Qxd8 Raxd8 17. Bxc6 bxc6 {0-1 (29) Kurajica,B (2502)-Vajic,G (2348) Bosnjaci 2015}) 10... f5 {[%cal Re5d4]} 11. d5 Nb8 {White is slightly better.} 12. Bxe4 fxe4 13. Nc3 Bf5 14. g4 ({White should try} 14. Ng2 $14) 14... Qg5 $11 15. h4 $1 {[%cal Rh4g5]} Qxg4+ 16. Qxg4 Bxg4 17. Nxe4 Be2 18. Nxd6 Bxf1 (18... Nd7 $11 {keeps the balance.}) 19. Kxf1 $16 b6 20. Ke2 {[%mdl 1024] White has strong compensation.} Nd7 21. Nd3 Rad8 22. Ne4 Rde8 23. Rg1 Nf6 24. Ng5 Nxd5 (24... e4 $14 25. Nf4 Nxd5 26. cxd5 Bxb2) 25. cxd5 {[%cal Bc4d5,Bd5e6][%mdl 32]} e4 26. Nxc5 $1 ({Much worse is} 26. Bxg7 $6 exd3+ 27. Kxd3 Kxg7 $11) 26... bxc5 27. Bxg7 Kxg7 28. Ne6+ Rxe6 29. dxe6 {[%mdl 4096] Endgame KR-KR} Kf6 30. Rg4 Ke5 31. Rf4 Re8 32. Rf7 h5 33. Rxa7 Kxe6 34. Ra6+ Kf5 35. Rc6 Kg4 36. Rxc5 Kxh4 37. a4 {[%cal Ba2a4,Ba4a5,Ba5a6][%mdl 32]} Kg4 (37... Rb8 {might work better.}) 38. a5 $18 h4 {intending ...h3.} 39. Rc6 g5 $2 (39... Rb8 40. Rxg6+ Kh5) 40. a6 h3 {[#]} 41. Kf1 $1 Rd8 {[#]} 42. Kg1 $1 Rd2 43. Rf6 Ra2 44. b4 {[%cal Bb3b4,Bb4b5][%mdl 32]} Ra4 45. b5 Ra5 46. Rf8 {Precision: White = 84%, Black = 40%.} 1-0

[Event "IOM Open-Masters 2017"]
[Site "Douglas"]
[Date "2017.09.28"]
[Round "6"]
[White "Anand, Viswanathan"]
[Black "Sethuraman, S.P."]
[Result "1-0"]
[WhiteElo "2794"]
[BlackElo "2617"]
[Annotator "TA"]
[PlyCount "101"]
[EventDate "2017.??.??"]
[EventType "swiss"]
[EventCountry "GBR"]
[SourceTitle "playchess.com"]
[Source "ChessBase"]
[SourceQuality "1"]

{[%evp 20,101,17,12,17,8,13,0,31,44,22,0,0,-20,0,0,0,7,29,46,54,46,85,86,79,75,77,69,100,91,83,73,87,89,154,144,172,172,177,186,184,127,146,156,140,129,130,152,218,200,186,176,185,185,179,107,277,271,262,213,202,190,275,260,260,191,192,158,166,168,212,184,266,240,256,239,296,290,280,265,259,247,375,371]} 1. e4 e5 2. Nf3 Nc6 3. Bb5 a6 4. Ba4 Nf6 5. O-O Nxe4 6. d4 b5 7. Bb3 d5 8. dxe5 Be6 9. c3 Bc5 10. Qd3 O-O 11. Nbd2 f5 {C82: Open Ruy Lopez: 9 c3 without 9...Be7} 12. Bc2 (12. exf6 Nxf6 13. a4 Rb8 14. axb5 axb5 15. Ng5 Ne5 16. Qe2 Qd6 17. Nxe6 Qxe6 18. Kh1 Rfe8 19. f3 c6 20. Bc2 Qf7 {½-½ (20) Smirin,I (2644)-Golod,V (2573) Skopje 2014}) 12... Qd7 13. Nb3 Be7 {The position is equal.} 14. Nbd4 $146 ({Predecessor:} 14. Rd1 Rad8 15. Re1 Rde8 16. Nbd4 Nxd4 17. Nxd4 c5 18. Nxe6 Qxe6 19. Qh3 {½-½ (27) Le Page,C (2422)-Grill,H (2474) ICCF email 2013}) 14... Nxd4 15. cxd4 f4 16. Bd2 Bf5 17. Qb3 Be6 18. Bb4 Bxb4 19. Qxb4 Bg4 20. Qb3 {aiming for Bxe4.} Kh8 21. Rfe1 Be6 22. Rad1 c6 23. Bd3 Bg4 24. Bxe4 dxe4 25. Rxe4 Be6 26. Qc3 Qd5 ({Black should try} 26... a5) 27. Ree1 $16 Qxa2 28. Qxc6 {Black must now prevent d5.} Bd5 29. Qd7 Rad8 30. Qh3 ({Better is} 30. Qg4 $18) 30... Rde8 31. Ng5 {[%csl Gg5][%cal Rh3h7,Bf3g5,Bg5e4,Be4f6][%mdl 32]} h6 32. Ne4 Qxb2 {[#]} 33. Nf6 $1 $40 {[%cal Rf6e8][%mdl 640] White goes for the king.} Be6 (33... Rd8 $16) (33... gxf6 34. Qxh6+) 34. Qh5 Bf7 35. Qh4 Rd8 36. e6 ({Resist} 36. Qxf4 $6 Qc2 $16) 36... Rxd4 {[#]} 37. Rb1 ({Stronger than} 37. exf7 Rxd1 38. Rxd1 Qxf6 $17) ({White should play} 37. e7 $1 $18 {[%cal Re7f8]} Rb8 38. Rb1) 37... Qa2 $2 (37... Qxb1 $16 38. Rxb1 Bg6) 38. Ra1 $18 ({Don't play} 38. exf7 Qxf7 39. Ng4 Rd6 $18) 38... Qb3 39. exf7 Qxf7 {[#]} 40. Ng4 $1 {[%cal Rg4h6] Threatens to win with Nxh6!} Qg6 (40... Rd6 $142 41. Re7 Qd5) 41. Ne5 Qd6 42. Nf3 Rd5 43. Qe7 Qxe7 44. Rxe7 Rf6 45. h4 b4 (45... Rdd6 {was worth a try.} 46. Rc1 Rc6) 46. Rb7 a5 47. Re1 Rf8 48. Ree7 Rg8 49. Kh2 Rdd8 50. Ne5 {And now Nf7+ would win.} Kh7 (50... Rde8 {keeps fighting.} 51. Ng6+ Kh7) 51. Nd7 {Precision: White = 76%, Black = 38%.} 1-0

[Event "IOM Open-Masters 2017"]
[Site "Douglas"]
[Date "2017.09.28"]
[Round "6"]
[White "Nakamura, Hikaru"]
[Black "Lenderman, Aleksandr"]
[Result "1/2-1/2"]
[WhiteElo "2781"]
[BlackElo "2565"]
[Annotator "TA"]
[PlyCount "113"]
[EventDate "2017.??.??"]
[EventType "swiss"]
[EventCountry "GBR"]
[SourceTitle "playchess.com"]
[Source "ChessBase"]
[SourceQuality "1"]

{[%evp 30,113,8,10,33,40,80,71,106,112,114,113,104,55,165,22,17,16,20,18,18,13,14,11,10,6,11,8,20,7,12,0,0,0,0,-26,0,0,0,0,0,0,0,0,19,0,5,0,31,21,31,8,13,0,9,8,8,10,8,8,8,0,9,0,0,0,0,0,0,0,0,0,0,0,0,-49,0,0,0,0,0,0,0,0,0,0]} 1. e4 e6 2. d4 d5 3. Nd2 c5 4. exd5 Qxd5 5. Ngf3 cxd4 6. Bc4 Qd6 7. O-O Nf6 8. Nb3 Nc6 9. Nbxd4 Nxd4 10. Nxd4 a6 11. Bb3 Qc7 12. Qf3 Bd6 13. h3 O-O {C07: French Tarrasch: 3...c5, 4 Ngf3 and 4 exd5 Qxd5} (13... Bd7 14. Bg5 Bh2+ 15. Kh1 Be5 16. Rad1 h6 17. Bh4 O-O-O 18. Rfe1 Bxd4 19. Rxd4 Bc6 20. Rxd8+ Rxd8 21. Qc3 {½-½ (64) Lu,S (2615)-Gupta,A (2633) Olongapo City 2015}) 14. Bg5 Bh2+ 15. Kh1 Be5 16. Rad1 {LiveBook: 4 Games} h6 17. Bh4 Nd7 18. c3 $146 ({Predecessor:} 18. Be7 Re8 19. Ba3 Nc5 20. Rfe1 Nxb3 21. Nxb3 {0-1 (46) Lawson,D (2200)-Bowden,K (2340) Southampton 1986}) 18... Bf6 19. Bg3 $1 {[%cal Rg3c7]} Be5 20. Bc2 {Qe4 is the strong threat.} Nf6 21. Qd3 Bd7 {[#]} ({Better is} 21... b5 $14) 22. Rde1 (22. Bh4 $1 $18 {[%cal Rh4f6]} g5 23. Bg3) 22... Bf4 $1 $11 23. Qf3 e5 24. Bxf4 exf4 25. Bb3 Rfe8 26. Qd3 Kf8 27. Kg1 Rad8 28. Rxe8+ Rxe8 29. Rd1 g6 30. Nf3 Kg7 31. c4 Bc6 32. Nd4 Qe5 33. Bc2 Be4 34. Qc3 Bxc2 35. Qxc2 Qa5 36. Qb1 Ne4 37. b4 Qe5 {White must now prevent ...Nc3.} 38. Qd3 Qf6 39. c5 h5 40. Rc1 Ng5 41. h4 Ne4 42. Nf3 Qb2 43. Qd4+ Qxd4 44. Nxd4 {[%mdl 4096] Endgame KRN-KRN} Rd8 45. Nb3 Rd3 $1 46. Na5 Nc3 47. Rc2 Nd5 48. Nxb7 {Hoping for c6.} Nxb4 49. Rc4 ({But not} 49. c6 $2 Nxc2 50. c7 Rd1+ 51. Kh2 {[#]} Ne3 $1 $19 {[%mdl 512]}) 49... Nc6 50. Rxf4 Ra3 51. Nd6 f5 52. Rf3 Rxa2 53. Rb3 {The position is equal.} Rc2 54. Rb7+ Kf6 55. Rb6 Rxc5 56. Rxa6 Ke7 57. Nb7 {Precision: White = 53%, Black = 57%.} 1/2-1/2